000 01160nam a2200313 i 4500
001 192189
003 SpMaBN
005 20250708180405.0
008 221113s2021 sp a | |||| 000 fdspa
017 _aSE 1841-2021
_bOficina Depósito Legal Sevilla
020 _a978-84-18818-58-5
040 _aSpMaBN
_bspa
_cSpMaBN
_erda
080 _a929 Bastid, Ricardo (0:82)
080 _a821.134.2-31"19"
100 0 _aBastid, Ricardo,
_d1919-1966
_eaut
_926367
245 1 4 _aLos años enterrados /
_cRicardo Bastid ; edición e introducción de Pablo Allepuz y Óscar Chaves.
264 1 _aSevilla :
_bRenacimiento,
_c[2021]
300 _a380 páginas :
_bilustraciones (blanco y negro) ;
_c21 cm.
490 1 _aBiblioteca del exilio ;
_v67
500 _aÍndice
655 7 _aNovelas autobiográficas
_2tgfbne
_9175819
700 1 _aAllepuz, Pablo.
_9175820
_epbl
700 1 _aChaves Amieva, Óscar
_epbl
_9175821
830 0 _aBiblioteca del exilio ;
_v67
_9180374
852 _aES-MaACL
_bR. 153172
_cDEPOJ
_jN-8133
_hDonación: Editorial
_9199471
942 _cMONOGRAFIA
_n0
999 _c192189
_d192189